LEADER 03082nam 2200637 450 001 9910819208003321 005 20200917021826.0 010 $a3-11-044765-7 010 $a3-11-044804-1 024 7 $a10.1515/9783110448047 035 $a(OCoLC)931648248 035 $a(CKB)3850000000001104 035 $a(EBL)4595509 035 $a(MiAaPQ)EBC4595509 035 $a(DE-B1597)457845 035 $a(OCoLC)958054441 035 $a(DE-B1597)9783110448047 035 $a(Au-PeEL)EBL4595509 035 $a(CaPaEBR)ebr11237006 035 $a(CaONFJC)MIL941023 035 $a(OCoLC)953844222 035 $a(PPN)202110540 035 $a(EXLCZ)993850000000001104 100 $a20160805h20162016 uy 0 101 0 $aeng 135 $aur|n|---||||| 181 $2rdacontent 182 $2rdamedia 183 $2rdacarrier 200 10$aDiagoras of Melos $ea contribution to the history of ancient atheism /$fMarek Winiarczyk ; translated from Polish by Witold Zbirohowski-Kos?scia 210 1$aBerlin, [Germany] ;$aBoston, [Massachusetts] :$cDe Gruyter,$d2016. 210 4$d©2016 215 $a1 online resource (242 p.) 225 1 $aBeitra?ge zur Altertumskunde,$x1616-0452 ;$vBand 350 300 $aDescription based upon print version of record. 311 $a3-11-044805-X 311 $a3-11-044377-5 320 $aIncludes bibliographical references and indexes. 327 $tFrontmatter -- $tPreface -- $tContents -- $tAbbreviations -- $tI. Current State of Research -- $tII. Analysis of the More Important Sources -- $tIII. The Life of Diagoras -- $tIV. The Problem of Diagoras? Atheism -- $tV. Diagoras as the Supposed Author of the Commentary on the Derveni Papyrus -- $tVI. Conclusions -- $tAppendix I. Diagoras as an Impious Person and Atheist -- $tAppendix II. Contra Deos Testimonium -- $tAppendix III. Gods Punish Those Who Stay With an Impious Person -- $tBibliography -- $t1. Index of names -- $t2. Index of geographical and ethnic names -- $t3. Index of subjects -- $t4. Greek and Latin words and expressions -- $t5. Index of passages 330 $aDiagoras of Melos (lyric poet, 5th c. B.C.) has received special attention for some time now because he was regarded as a radical atheist and the author of a prose work on atheism in antiquity. He was notorious for revealing and ridiculing the Eleusinian Mysteries and was condemned for impiety at Athens. The present book evaluates Diagoras? biography and shows that he cannot be considered to have been an atheist in the modern sense. 410 0$aBeitra?ge zur Altertumskunde ;$vBand 350. 606 $aAtheism$zGreece$xHistory 610 $aDerveni papyrus. 610 $aHistory of ancient atheism. 610 $acapture of Melos. 615 0$aAtheism$xHistory. 676 $a200.938 700 $aWiniarczyk$b Marek$0213731 702 $aZbirohowski-Kos?scia$b Witold 801 0$bMiAaPQ 801 1$bMiAaPQ 801 2$bMiAaPQ 906 $aBOOK 912 $a9910819208003321 996 $aDiagoras of Melos$92637268 997 $aUNINA LEADER 01399nam0 22003251i 450 001 UON00008539 005 20231205101922.710 010 $a08-7462-444-4 100 $a20020107d1978 |0itac50 ba 101 $aeng 102 $aUS 105 $a|||| 1|||| 200 1 $aˆAn ‰Akkadian grammar. A translation of Riemschneider's Lehrbuch des Akkadische$fThomas A. Caldwell, John N. Oswalt, John F.X. Sheehan 210 $aMilwaukee$cMarquette University Press$d1978 215 $a251, 46 p.$d27 cm 500 1$3UON00352622$aLehrbuch des Akkadischen / K. Riemschneider$924223 606 $aLingua accadica$xGrammatiche$3UONC004709$2FI 620 $aUS$dMilwaukee$3UONL000325 686 $aMES II B$cMESOPOTAMIA - LINGUISTICA - GRAMMATICHE$2A 700 1$aRIEMSCHNEIDER$bKaspar Klaus$3UONV064943$0638944 702 1$aCALDWELL$bThomas A.$3UONV025145 702 1$aOSWALT$bJohn N.$3UONV025146 712 $aMarquette University Press$3UONV246466$4650 790 1$aRIEMSCHNEIDER, Kaspar$zRIEMSCHNEIDER, Kaspar Klaus$3UONV022621 801 $aIT$bSOL$c20250502$gRICA 899 $aSIBA - SISTEMA BIBLIOTECARIO DI ATENEO$2UONSI 912 $aUON00008539 950 $aSIBA - SISTEMA BIBLIOTECARIO DI ATENEO$dSI MES II B 008 BIS $eSI SA 34498 5 008 BIS 996 $aLehrbuch des Akkadischen$924223 997 $aUNIOR